[Event "HUN-chT2 Barcza 1213"]
[Site "Hungary"]
[Date "2012.12.02"]
[Round "5.6"]
[White "Benedek, Zoltan"]
[Black "Papp, Tamas"]
[Result "1/2-1/2"]
[WhiteElo "2210"]
[BlackElo "2306"]
[PlyCount "64"]
[EventDate "2012.09.16"]
[EventType "team-tourn"]
[EventRounds "11"]
[EventCountry "HUN"]
[SourceTitle "EXT 2014"]
[Source "ChessBase"]
[SourceDate "2013.11.20"]
[SourceVersion "1"]
[SourceVersionDate "2013.11.20"]
[SourceQuality "1"]
[WhiteTeam "Edeleny"]
[BlackTeam "Miskolc Kisbocsok"]
[WhiteTeamCountry "HUN"]
[BlackTeamCountry "HUN"]

1. d4 e6 2. c4 d5 3. Nf3 c6 4. Nc3 dxc4 5. a4 Bb4 6. Bd2 a5 7. e3 b5 8. Ne5 Bb7 9. Ne4 Nf6 10. Nxf6+ gxf6 11. Nf3 Qb6 12. Be2 Nd7 13. 0-0 Bd6 14. Qe1 Bc7 15. e4 Rg8 16. Be3 Ba6 17. d5 Qb7 18. dxc6 Qxc6 19. Nd4 Qd6 20. f4 bxa4 21. Rxa4 Rb8 22. Bxc4 Rxb2 23. Rf2 Rxf2 24. Qxf2 Bb7 25. Qc2 f5 26. Nb5 Qc6 27. Nxc7+ Qxc7 28. Bd3 Qxc2 29. Bxc2 fxe4 30. Rxa5 Kd8 31. Bd4 Kc7 32. g3 Ra8 1/2-1/2

[Event "HUN-chT2 Barcza 1112 "]
[Site "Hungary"]
[Date "2012.04.22"]
[Round "9"]
[White "Kaman, Attila"]
[Black "Benedek, Zoltan"]
[Result "1/2-1/2"]
[WhiteElo "2182"]
[BlackElo "2219"]
[PlyCount "28"]
[EventDate "2011.09.25"]
[EventType "team-tourn"]
[EventRounds "11"]
[EventCountry "HUN"]
[SourceTitle "EXT 2013"]
[Source "ChessBase"]
[SourceDate "2012.11.22"]
[SourceVersion "1"]
[SourceVersionDate "2012.11.22"]
[SourceQuality "1"]
[WhiteTeam "Hajduboszormeny"]
[BlackTeam "Edeleny"]
[WhiteTeamCountry "HUN"]
[BlackTeamCountry "HUN"]

1. Nf3 d6 2. d4 Bg4 3. e4 Nf6 4. Nc3 e6 5. Be2 Be7 6. b3 Bxf3 7. Bxf3 c6 8. 0-0 d5 9. Re1 0-0 10. Bf4 Re8 11. Qd3 Na6 12. Rad1 Nb4 13. Qe2 dxe4 14. Nxe4 Nbd5 1/2-1/2

[Event "HUN-chT2 Barcza 1112 "]
[Site "Hungary"]
[Date "2012.01.29"]
[Round "5"]
[White "Antos, Zoltan"]
[Black "Benedek, Zoltan"]
[Result "1/2-1/2"]
[WhiteElo "2003"]
[BlackElo "2219"]
[PlyCount "57"]
[EventDate "2011.09.25"]
[EventType "team-tourn"]
[EventRounds "11"]
[EventCountry "HUN"]
[SourceTitle "EXT 2013"]
[Source "ChessBase"]
[SourceDate "2012.11.22"]
[SourceVersion "1"]
[SourceVersionDate "2012.11.22"]
[SourceQuality "1"]
[WhiteTeam "Nadudvar"]
[BlackTeam "Edeleny"]
[WhiteTeamCountry "HUN"]
[BlackTeamCountry "HUN"]

1. c4 e5 2. Nc3 Nc6 3. g3 d6 4. Bg2 Be6 5. d3 g6 6. Nf3 Bg7 7. 0-0 h6 8. Ne1 Qd7 9. Rb1 f5 10. Nd5 Nd8 11. e4 c6 12. Nc3 Nf6 13. b4 0-0 14. b5 Kh7 15. bxc6 bxc6 16. Qa4 fxe4 17. Nxe4 Nxe4 18. Bxe4 Rf7 19. Nc2 d5 20. Bg2 Rc8 21. Ba3 Bh3 22. Nb4 Bxg2 23. Kxg2 dxc4 24. dxc4 Qg4 25. Qb3 e4 26. h3 Qf5 27. Rbe1 Ne6 28. f4 Nd4 29. Qb1 1/2-1/2

[Event "HUN-chT2 Barcza 0910"]
[Site "Hungary"]
[Date "2010.05.02"]
[Round "11.2"]
[White "Benedek, Zoltan"]
[Black "Borsavolgyi, Tamas"]
[Result "1/2-1/2"]
[WhiteElo "2204"]
[BlackElo "2296"]
[PlyCount "62"]
[EventDate "2009.11.08"]
[EventType "team-tourn"]
[EventRounds "11"]
[EventCountry "HUN"]
[SourceTitle "EXT 2011"]
[Source "ChessBase"]
[SourceDate "2010.11.26"]
[SourceVersion "1"]
[SourceVersionDate "2010.11.26"]
[SourceQuality "1"]
[WhiteTeam "Edeleny"]
[BlackTeam "HSSE"]
[WhiteTeamCountry "HUN"]
[BlackTeamCountry "HUN"]

1. d4 Nf6 2. Nf3 g6 3. c4 Bg7 4. Nc3 0-0 5. e4 d6 6. Be2 Na6 7. 0-0 e5 8. Re1 exd4 9. Nxd4 Re8 10. Bf1 c6 11. f3 Nc7 12. Be3 Ne6 13. Qd2 Qe7 14. Rad1 Rd8 15. Qf2 Nxd4 16. Bxd4 b6 17. g3 Qf8 18. Rd2 Be6 19. h3 Rab8 20. a4 Ne8 21. Red1 Bxd4 22. Rxd4 f6 23. f4 Rdc8 24. Kh2 Rc7 25. b3 Rg7 26. R4d3 Rc7 27. Ne2 Bf7 28. Nd4 a6 29. Bg2 c5 30. Nc2 b5 31. axb5 axb5 1/2-1/2

[Event "HUN-chT2 Barcza 0910"]
[Site "Hungary"]
[Date "2010.02.28"]
[Round "7.3"]
[White "Benedek, Zoltan"]
[Black "Gal, Tamas"]
[Result "1-0"]
[WhiteElo "2204"]
[BlackElo "2110"]
[PlyCount "59"]
[EventDate "2009.11.08"]
[EventType "team-tourn"]
[EventRounds "11"]
[EventCountry "HUN"]
[SourceTitle "EXT 2011"]
[Source "ChessBase"]
[SourceDate "2010.11.26"]
[SourceVersion "1"]
[SourceVersionDate "2010.11.26"]
[SourceQuality "1"]
[WhiteTeam "Edeleny"]
[BlackTeam "Piremon"]
[WhiteTeamCountry "HUN"]
[BlackTeamCountry "HUN"]

1. d4 Nf6 2. Nf3 e6 3. c4 b6 4. a3 Bb7 5. Nc3 Be7 6. Qc2 d5 7. cxd5 exd5 8. Bf4 a6 9. e3 Nbd7 10. Bd3 0-0 11. 0-0 Rc8 12. Ne5 h6 13. Qe2 b5 14. Bf5 Ra8 15. Nxd7 Nxd7 16. Bxh6 gxh6 17. Qg4+ Kh8 18. Bxd7 Rg8 19. Qh3 Qf8 20. Ne2 Bd6 21. Ng3 Bc8 22. Bxc8 Rxc8 23. Nf5 Rg6 24. Rac1 c6 25. Rc2 Rc7 26. Nh4 Rg5 27. f4 Rg8 28. Rfc1 Qc8 29. Qf5 Re8 30. Qf6+ 1-0

[Event "HUN-chT2 Barcza 0708"]
[Site "Hungary"]
[Date "2007.12.16"]
[Round "5"]
[White "Benedek, Zoltan"]
[Black "Szilagyi, Gyula"]
[Result "1-0"]
[WhiteElo "2185"]
[BlackElo "1899"]
[PlyCount "81"]
[EventDate "2007.10.14"]
[EventType "team"]
[EventRounds "11"]
[EventCountry "HUN"]
[SourceTitle "EXT 2009"]
[Source "ChessBase"]
[SourceDate "2008.11.26"]
[SourceVersion "1"]
[SourceVersionDate "2008.11.26"]
[SourceQuality "1"]
[WhiteTeam "Edeleny"]
[BlackTeam "Tiszaujvaros"]
[WhiteTeamCountry "HUN"]
[BlackTeamCountry "HUN"]

1. d4 Nf6 2. Nf3 g6 3. c4 Bg7 4. Nc3 d6 5. e4 0-0 6. Be2 e5 7. 0-0 Nbd7 8. d5 Nc5 9. Qc2 Bg4 10. b4 Bxf3 11. Bxf3 Ncd7 12. Bd2 b6 13. Na4 Qe7 14. Rfc1 a6 15. c5 dxc5 16. bxc5 b5 17. Nb2 Rfc8 18. c6 Nb6 19. a4 Rcb8 20. Be2 Nc8 21. axb5 axb5 22. Rxa8 Rxa8 23. Bxb5 Qa3 24. Bd3 Nd6 25. Nd1 Qa2 26. Nc3 Qa7 27. Be3 Qa5 28. f3 Nh5 29. g3 Nf6 30. Rb1 h5 31. Kg2 Kh7 32. Qd2 Nfe8 33. Rb2 Qa1 34. Rb1 Qa5 35. Qc2 Nf6 36. h3 Qa3 37. g4 Qa5 38. Ne2 Qa3 39. Bc5 Qa2 40. Qxa2 Rxa2 41. Bxd6 1-0

[Event "HUN-chT 0607"]
[Site "Hungary"]
[Date "2007.04.15"]
[Round "8"]
[White "Horvath, Julia"]
[Black "Benedek, Zoltan"]
[Result "1-0"]
[WhiteElo "2277"]
[BlackElo "2199"]
[PlyCount "75"]
[EventDate "2006.11.12"]
[EventType "team"]
[EventRounds "11"]
[EventCountry "HUN"]
[SourceTitle "EXT 2008"]
[Source "ChessBase"]
[SourceDate "2007.11.25"]
[SourceVersion "1"]
[SourceVersionDate "2007.11.25"]
[SourceQuality "1"]
[WhiteTeam "Vasas"]
[BlackTeam "Edeleny"]
[WhiteTeamCountry "HUN"]
[BlackTeamCountry "HUN"]

1. f4 d6 2. Nf3 g6 3. e4 Bg7 4. Bc4 c6 5. Nc3 Nf6 6. Bb3 0-0 7. 0-0 Nbd7 8. d4 Nb6 9. e5 Nfd5 10. Ne4 Nc7 11. c3 Be6 12. Bc2 Bf5 13. Nh4 Bxe4 14. Bxe4 Qd7 15. Qf3 f5 16. exf6 exf6 17. Bc2 Rae8 18. Qg3 f5 19. Bb3+ Nbd5 20. Bd2 Re2 21. Rad1 Rfe8 22. Bc4 R2e7 23. Nf3 b5 24. Bb3 Kh8 25. Ng5 Bf6 26. Nf3 Kg7 27. a4 a6 28. axb5 axb5 29. Ne5 dxe5 30. dxe5 Bxe5 31. fxe5 Rxe5 32. c4 bxc4 33. Bc3 f4 34. Qxf4 Nxf4 35. Rxd7+ Kh6 36. Bxe5 Ne2+ 37. Kf2 Rxe5 38. Bxc4 1-0

[Event "HUN-chT 0607"]
[Site "Hungary"]
[Date "2006.12.03"]
[Round "3"]
[White "Benedek, Zoltan"]
[Black "Balog, Imre1111"]
[Result "0-1"]
[WhiteElo "2199"]
[BlackElo "2330"]
[PlyCount "92"]
[EventDate "2006.11.12"]
[EventType "team"]
[EventRounds "11"]
[EventCountry "HUN"]
[SourceTitle "EXT 2008"]
[Source "ChessBase"]
[SourceDate "2007.11.25"]
[SourceVersion "1"]
[SourceVersionDate "2007.11.25"]
[SourceQuality "1"]
[WhiteTeam "Edeleny"]
[BlackTeam "Mako"]
[WhiteTeamCountry "HUN"]
[BlackTeamCountry "HUN"]

1. e4 e6 2. d4 d5 3. Nd2 c5 4. c3 Nc6 5. Ngf3 Qb6 6. exd5 exd5 7. dxc5 Bxc5 8. Qe2+ Be7 9. Qb5 Qd8 10. Bd3 Nf6 11. 0-0 0-0 12. Re1 Bd6 13. Nf1 a6 14. Qb3 Bg4 15. Nd4 Qd7 16. Nxc6 bxc6 17. Bg5 Nh5 18. Ne3 Be6 19. Qc2 h6 20. Bh4 f5 21. f3 Nf4 22. Bf1 Ng6 23. Bf2 Qc7 24. h3 Rf6 25. Rad1 Nf4 26. c4 Rg6 27. Kh1 Qf7 28. a3 Qf6 29. cxd5 cxd5 30. Qc6 Rd8 31. Nc4 Bb8 32. Bd4 Qh4 33. Ne5 Bxe5 34. Bxe5 Nxh3 35. Bh2 Nf2+ 36. Kg1 Nxd1 37. Rxd1 Rc8 38. Qxa6 Rc2 39. Qb6 Qg5 40. g3 Kh7 41. Bg2 f4 42. Qb3 Rxg2+ 43. Kxg2 fxg3 44. f4 Bh3+ 45. Kxh3 Qh5+ 46. Kg2 Qxh2+ 0-1

[Event "HUN-chT2 Maroczy 0506"]
[Site "Hungary"]
[Date "2006.02.26"]
[Round "8"]
[White "Rendi, Eva"]
[Black "Benedek, Zoltan"]
[Result "1/2-1/2"]
[WhiteElo "2170"]
[BlackElo "2176"]
[PlyCount "26"]
[EventDate "2005.10.16"]
[EventType "team"]
[EventRounds "11"]
[EventCountry "HUN"]
[SourceTitle "EXT 2009"]
[Source "ChessBase"]
[SourceDate "2008.11.26"]
[SourceVersion "1"]
[SourceVersionDate "2008.11.26"]
[SourceQuality "1"]
[WhiteTeam "Sarospatak"]
[BlackTeam "Edeleny"]
[WhiteTeamCountry "HUN"]
[BlackTeamCountry "HUN"]

1. e4 Nf6 2. e5 Nd5 3. d4 d6 4. c4 Nb6 5. Nf3 Bg4 6. exd6 exd6 7. b3 Be7 8. Be2 0-0 9. 0-0 Nc6 10. Bb2 Bf6 11. Na3 d5 12. c5 Nc8 13. Nc2 N8e7 1/2-1/2

[Event "HUN-chT2 Maroczy 0506"]
[Site "Hungary"]
[Date "2005.12.04"]
[Round "5"]
[White "Benedek, Zoltan"]
[Black "Cselenyi, Balazs"]
[Result "1-0"]
[WhiteElo "2176"]
[BlackElo "2087"]
[PlyCount "56"]
[EventDate "2005.10.16"]
[EventType "team"]
[EventRounds "11"]
[EventCountry "HUN"]
[SourceTitle "EXT 2009"]
[Source "ChessBase"]
[SourceDate "2008.11.26"]
[SourceVersion "1"]
[SourceVersionDate "2008.11.26"]
[SourceQuality "1"]
[WhiteTeam "Edeleny"]
[BlackTeam "Miskolc EMSE"]
[WhiteTeamCountry "HUN"]
[BlackTeamCountry "HUN"]

1. e4 c5 2. b3 b6 3. Bb2 Bb7 4. Nc3 d6 5. Nf3 e6 6. d4 cxd4 7. Nxd4 a6 8. Bd3 Nd7 9. Qe2 Qc7 10. 0-0-0 Ngf6 11. Kb1 Be7 12. f4 Nc5 13. Rhe1 b5 14. a3 Rc8 15. g4 Kf8 16. g5 Nfd7 17. Qh5 b4 18. axb4 Nxd3 19. Rxd3 Qb6 20. Qh3 Qxb4 21. g6 Nc5 22. Rdd1 h5 23. Na2 Qb6 24. b4 Na4 25. Nxe6+ fxe6 26. Qxe6 Ke8 27. Bxg7 Rf8 28. Bxf8 Nc3+ 1-0

[Event "HUN-chT2 Maroczy 0506"]
[Site "Hungary"]
[Date "2005.11.27"]
[Round "4"]
[White "Benedek, Zoltan"]
[Black "Fodor, Tamas"]
[Result "1/2-1/2"]
[WhiteElo "2176"]
[BlackElo "2178"]
[PlyCount "80"]
[EventDate "2005.10.16"]
[EventType "team"]
[EventRounds "11"]
[EventCountry "HUN"]
[SourceTitle "EXT 2009"]
[Source "ChessBase"]
[SourceDate "2008.11.26"]
[SourceVersion "1"]
[SourceVersionDate "2008.11.26"]
[SourceQuality "1"]
[WhiteTeam "Edeleny"]
[BlackTeam "Koszolg"]
[WhiteTeamCountry "HUN"]
[BlackTeamCountry "HUN"]

1. e4 c5 2. b3 Nc6 3. Bb2 e5 4. Bc4 Nf6 5. Bd5 d6 6. Nc3 Bd7 7. Nge2 Be7 8. 0-0 0-0 9. f4 Rb8 10. Ng3 Nd4 11. h3 b5 12. Nce2 Qb6 13. Kh2 Nxd5 14. exd5 Qb7 15. Bxd4 exd4 16. c4 bxc4 17. bxc4 Qa6 18. d3 Rb2 19. Nc1 f5 20. Re1 Bf6 21. Nf1 Bh4 22. Re2 Rbb8 23. g3 Bf6 24. Nb3 Ba4 25. Rb1 Rb6 26. Nfd2 Rfb8 27. Qe1 Bd7 28. Nf3 h6 29. Rbb2 Qa3 30. Rbc2 Ba4 31. Qa5 R8b7 32. Re8+ Kh7 33. Ra8 Qb4 34. Rxa7 Rxa7 35. Qxa7 Bxb3 36. axb3 Qxb3 37. Rd2 Qb1 38. Qd7 Kg6 39. Qe8+ Kh7 40. Qd7 Kg6 1/2-1/2

[Event "HUN-chT2 Maroczy 0405"]
[Site "Hungary"]
[Date "2005.04.24"]
[Round "11"]
[White "Antal, Sebestyen Jr"]
[Black "Benedek, Zoltan"]
[Result "1-0"]
[WhiteElo "2212"]
[BlackElo "2193"]
[PlyCount "53"]
[EventDate "2004.09.26"]
[EventType "team"]
[EventRounds "11"]
[EventCountry "HUN"]
[SourceTitle "EXT 2008"]
[Source "ChessBase"]
[SourceDate "2007.11.25"]
[SourceVersion "1"]
[SourceVersionDate "2007.11.25"]
[SourceQuality "1"]
[WhiteTeam "Penzugyor"]
[BlackTeam "Edeleny"]
[WhiteTeamCountry "HUN"]
[BlackTeamCountry "HUN"]

1. e4 Nf6 2. e5 Nd5 3. d4 d6 4. Nf3 Bg4 5. Be2 Nc6 6. c4 Nb6 7. exd6 exd6 8. b3 Be7 9. Nc3 0-0 10. 0-0 Re8 11. h3 Bh5 12. Be3 d5 13. c5 Nc8 14. b4 a6 15. Qb3 Bf8 16. Qxd5 Bg6 17. Qb3 N6e7 18. Ne5 Nf5 19. Bc4 Rxe5 20. dxe5 Qh4 21. Nd5 c6 22. Nf4 Qe7 23. e6 fxe6 24. Nxg6 hxg6 25. g4 Nh6 26. Bxe6+ Kh7 27. Rad1 1-0

[Event "HUN-chT2 Maroczy 0405"]
[Site "Hungary"]
[Date "2004.12.05"]
[Round "4"]
[White "Benedek, Zoltan"]
[Black "Kormos, Lajos"]
[Result "0-1"]
[WhiteElo "2193"]
[BlackElo "2103"]
[PlyCount "108"]
[EventDate "2004.09.26"]
[EventType "team"]
[EventRounds "11"]
[EventCountry "HUN"]
[SourceTitle "EXT 2008"]
[Source "ChessBase"]
[SourceDate "2007.11.25"]
[SourceVersion "1"]
[SourceVersionDate "2007.11.25"]
[SourceQuality "1"]
[WhiteTeam "Edeleny"]
[BlackTeam "BEAC II"]
[WhiteTeamCountry "HUN"]
[BlackTeamCountry "HUN"]

1. e4 g6 2. d4 Bg7 3. Nf3 d6 4. h3 Nf6 5. Nc3 b6 6. Bf4 Bb7 7. Bd3 0-0 8. Qd2 Re8 9. Bh6 e5 10. d5 Bxd5 11. Bxg7 Kxg7 12. Nxd5 Nxd5 13. Bb5 c6 14. Bxc6 Nxc6 15. Qxd5 Qc7 16. 0-0-0 Red8 17. Rd2 Ne7 18. Qb3 Rd7 19. g4 Rad8 20. Rhd1 Qc6 21. Qe3 f6 22. Nh4 d5 23. f4 dxe4 24. Rxd7 Rxd7 25. Rxd7 Qxd7 26. fxe5 fxe5 27. Qxe4 Qd5 28. Qxd5 Nxd5 29. Nf3 Kf6 30. Kd2 e4 31. Nd4 Kg5 32. c4 Nf4 33. Ke3 Nxh3 34. Kxe4 Nf2+ 35. Kd5 Nd3 36. Ne6+ Kxg4 37. Nf8 h5 38. Nxg6 Nxb2 39. c5 bxc5 40. Kxc5 Kg5 41. Ne5 Kf5 42. Nf3 Kf4 43. Nh4 Nd3+ 44. Kb5 Ne5 45. Ka6 Nc6 46. Kb7 Ne7 47. Ng2+ Kg3 48. Ne3 a5 49. a4 Kf2 50. Nc4 h4 51. Ne5 Kg3 52. Nc4 Nd5 53. Ka6 h3 54. Nd2 Kg2 0-1

[Event "HUN-chT2 Maroczy 0304"]
[Site "Hungary"]
[Date "2004.02.22"]
[Round "8"]
[White "Juhasz, Bela"]
[Black "Benedek, Zoltan"]
[Result "1-0"]
[WhiteElo "2279"]
[BlackElo "2212"]
[PlyCount "91"]
[EventDate "2003.09.28"]
[EventType "team"]
[EventRounds "11"]
[EventCountry "HUN"]
[SourceTitle "EXT 2005"]
[Source "ChessBase"]
[SourceDate "2004.11.15"]
[SourceVersion "1"]
[SourceVersionDate "2004.11.15"]
[SourceQuality "1"]

1. d4 d6 2. Nf3 Bg4 3. c4 c6 4. e4 Nd7 5. Be2 e5 6. Be3 g6 7. Nc3 Qc7 8. Ng1 Bxe2 9. Ngxe2 Bg7 10. Qd2 0-0-0 11. 0-0 h6 12. d5 Nb6 13. b3 f5 14. f3 Nf6 15. a4 f4 16. Bf2 Kd7 17. a5 Nc8 18. b4 Ke7 19. Rfd1 Kf7 20. Rac1 Bf8 21. Qa2 Kg7 22. Qa4 g5 23. a6 Nb6 24. Qa5 Rd7 25. axb7 Qxb7 26. dxc6 Qxc6 27. Bxb6 axb6 28. Qb5 Qxb5 29. Nxb5 Be7 30. Nec3 Kf7 31. Nd5 Nxd5 32. cxd5 Ra8 33. Ra1 Rxa1 34. Rxa1 Bd8 35. Ra8 h5 36. h3 Kg6 37. Kf2 Kf6 38. Ke2 Kg6 39. Rc8 g4 40. hxg4 hxg4 41. fxg4 Kg5 42. Kf3 Kf6 43. Rc6 Be7 44. Rxb6 Rd8 45. Rb7 Rc8 46. g5+ 1-0

[Event "HUN-chT2 Maroczy 0203"]
[Site "Hungary"]
[Date "2003.03.23"]
[Round "9.6"]
[White "Benedek, Zoltan"]
[Black "Francsics, Endre"]
[Result "1/2-1/2"]
[WhiteElo "2221"]
[BlackElo "2234"]
[PlyCount "33"]
[EventDate "2002.09.22"]
[EventType "team"]
[EventRounds "11"]
[EventCountry "HUN"]
[SourceTitle "EXT 2004"]
[Source "ChessBase"]
[SourceDate "2003.11.25"]
[SourceVersion "1"]
[SourceVersionDate "2003.11.25"]
[SourceQuality "1"]
[WhiteTeam "Edeleny"]
[BlackTeam "Dunaharaszti"]
[WhiteTeamCountry "HUN"]
[BlackTeamCountry "HUN"]

1. e4 d6 2. d4 g6 3. Nf3 Bg7 4. c3 Nf6 5. Qc2 0-0 6. Be2 Nbd7 7. 0-0 e5 8. dxe5 dxe5 9. Bg5 h6 10. Bxf6 Qxf6 11. Nbd2 Nb6 12. Nc4 Nxc4 13. Bxc4 Be6 14. Qb3 Bxc4 15. Qxc4 Qb6 16. Qb3 Rfd8 17. Rfd1 1/2-1/2

[Event "Cseppko op-A 11th"]
[Site "Aggtelek"]
[Date "2002.07.19"]
[Round "7"]
[White "Benedek, Zoltan"]
[Black "Karolyfalvi, Zoltan"]
[Result "0-1"]
[WhiteElo "2221"]
[BlackElo "2173"]
[PlyCount "66"]
[EventDate "2002.07.??"]
[EventType "swiss"]
[EventRounds "9"]
[EventCountry "HUN"]
[SourceTitle "EXT 2004"]
[Source "ChessBase"]
[SourceDate "2003.11.25"]
[SourceVersion "1"]
[SourceVersionDate "2003.11.25"]
[SourceQuality "1"]

1. e4 c6 2. d4 d5 3. Nc3 dxe4 4. Nxe4 Bf5 5. Ng3 Bg6 6. Bc4 e6 7. N1e2 Bd6 8. h4 h6 9. Nf4 Qf6 10. Ngh5 Bxh5 11. Nxh5 Qg6 12. Qf3 Nf6 13. Nxf6+ gxf6 14. Bd3 f5 15. Bd2 Nd7 16. 0-0-0 0-0-0 17. c4 Nf6 18. Rhe1 Rhe8 19. Bc3 Qg4 20. Qxg4 Nxg4 21. Re2 Be7 22. g3 f4 23. Be4 fxg3 24. fxg3 Bd6 25. Rd3 Bc7 26. Rf3 f5 27. Bc2 h5 28. d5 cxd5 29. cxd5 Rxd5 30. Bxf5 Ne5 31. Bxe5 exf5 32. Bxc7 Rxe2 33. Bf4 Rc5+ 0-1